[Event "Icelandic-ch 2021"]
[Site "Kopavogur"]
[Date "2021.04.26"]
[Round "5.5"]
[White "Thorfinnsson, Bjorn"]
[Black "Kjartansson, Gudmundur"]
[Result "0-1"]
[WhiteElo "2384"]
[BlackElo "2503"]
[Annotator "ChessBase"]
[PlyCount "80"]
[EventDate "2021.04.22"]
[EventType "tourn"]
[EventCountry "ISL"]
[SourceTitle "playchess.com"]
[Source "ChessBase"]
[SourceQuality "1"]
[TimeControl "40/5400+30:1800+30"]

1. d4 {[%emt 0:00:00]} Nf6 {[%emt 0:00:00]} 2. c4 {[%emt 0:00:00]} e6 {[%emt 0:00:05]} 3. Nf3 {[%emt 0:00:00]} b6 {[%emt 0:02:07]} 4. g3 {[%emt 0:00:05]} Bb7 {[%emt 0:00:15]} 5. Bg2 {[%emt 0:00:11]} Bb4+ {[%emt 0:00:20]} 6. Bd2 {[%emt 0:00:05]} c5 {[%emt 0:00:03]} 7. d5 {[%emt 0:07:43]} O-O {[%emt 0:09:26]} 8. Bc3 {[%emt 0:28:55]} exd5 {[%emt 0:12:07]} 9. Nh4 {[%emt 0:02:19]} Ba6 {[%emt 0:11:48]} 10. Bxb4 {[%emt 0:29:24]} cxb4 {[%emt 0:01:22]} 11. Nd2 {[%emt 0:06:26]} Nc6 {[%emt 0:13:09]} 12. cxd5 {[%emt 0:05:23]} Nd4 {[%emt 0:00:29]} 13. Nc4 {[%emt 0:01:01]} Nxe2 {[%emt 0:01:02]} 14. Ne3 {[%emt 0:00:22]} Qc8 {[%emt 0:11:08]} 15. Qd2 {[%emt 0:04:14]} Qc5 {[%emt 0:14:47]} 16. Bf1 {[%emt 0:06:05]} Ne4 {[%emt 0:00:54]} 17. Qc2 {[%emt 0:00:02]} Nd4 {[%emt 0:01:45]} 18. Qxc5 {[%emt 0:01:30]} Nxc5 {[%emt 0:00:10]} 19. Bxa6 {[%emt 0:01:11]} Nxa6 {[%emt 0:00:05]} 20. O-O-O {[%emt 0:00:29]} Rfc8+ {[%emt 0:01:05]} 21. Kb1 {[%emt 0:00:04]} Nb5 {[%emt 0:00:17]} 22. d6 {[%emt 0:00:36]} Kf8 {[%emt 0:03:33]} 23. Nhf5 {[%emt 0:01:15]} Rc5 {[%emt 0:01:52]} 24. Nd5 {[%emt 0:00:33]} Re8 {[%emt 0:01:56]} 25. Rd2 {[%emt 0:00:40]} Re6 {[%emt 0:05:48]} 26. Rhd1 {[%emt 0:01:14]} Nxd6 {[%emt 0:02:39]} 27. Nxb4 {[%emt 0:01:00]} Nc4 {[%emt 0:02:22]} 28. Rxd7 {[%emt 0:00:50]} Nxb4 {[%emt 0:00:05]} 29. g4 {[%emt 0:00:17]} g6 {[%emt 0:00:47]} 30. Nh6 {[%emt 0:00:03]} Re7 {[%emt 0:00:21]} 31. f4 {[%emt 0:00:51]} Rc7 {[%emt 0:01:28]} 32. Rd8+ {[%emt 0:00:17]} Re8 {[%emt 0:00:07]} 33. g5 {[%emt 0:00:40]} Rxd8 {[%emt 0:01:06]} 34. Rxd8+ {[%emt 0:00:06]} Ke7 {[%emt 0:00:01]} 35. Rd4 {[%emt 0:00:28]} a5 {[%emt 0:01:04]} 36. a3 {[%emt 0:00:16]} Na6 {[%emt 0:00:16]} 37. f5 {[%emt 0:00:05]} gxf5 {[%emt 0:00:31]} 38. h4 {[%emt 0:00:36]} Ke6 {[%emt 0:01:23]} 39. Ng8 {[%emt 0:00:03]} Ne5 {[%emt 0:00:43]} 40. Nf6 {[%emt 0:00:00]} Nf3 {[%emt 0:00:00]} 0-1

[Event "Icelandic-ch 2021"]
[Site "Kopavogur"]
[Date "2021.04.27"]
[Round "6.1"]
[White "Hjartarson, Johann"]
[Black "Kjartansson, Gudmundur"]
[Result "1-0"]
[WhiteElo "2523"]
[BlackElo "2503"]
[Annotator "TA"]
[PlyCount "77"]
[EventDate "2021.04.22"]
[EventType "tourn"]
[EventCountry "ISL"]
[SourceTitle "playchess.com"]
[Source "ChessBase"]
[SourceQuality "1"]

{[%evp 17,77,-18,37,0,60,59,62,55,68,0,14,0,0,0,0,-29,-35,-33,-43,-41,-49,-57,-27,-48,-47,-64,-70,-84,-77,-90,-29,-29,0,0,0,0,124,123,123,115,106,115,115,104,245,120,363,390,385,362,880,943,937,926,1231,1164,2962,2539,999,941,29991,29992]} 1. e4 c5 2. Nc3 Nc6 3. g3 g6 4. Bg2 Bg7 5. d3 d6 6. Be3 Rb8 7. Qd2 b5 8. f4 b4 9. Nd1 e5 ({Better is} 9... Qc7 $11) 10. Nf3 {B26: Closed Sicilian: 3 g3, lines with early Be3.} Nge7 ({Black should play} 10... exf4 $11 11. Bxf4 h6) 11. fxe5 $14 Nxe5 12. Nxe5 {White is slightly better.} Bxe5 13. O-O (13. a3 $14) 13... O-O $11 {[#]} 14. c3 $146 ({Predecessor:} 14. Bh6 Bg7 15. Bxg7 Kxg7 16. Ne3 Be6 17. Rf4 d5 18. exd5 Nxd5 19. Nxd5 Bxd5 20. Bxd5 Qxd5 {½-½ (52) Shvyriaev,A (2116)-Andonovski,L (2298) Novi Sad 2016}) 14... bxc3 15. bxc3 Bg7 16. Nf2 Qa5 17. Rac1 Nc6 18. Rc2 Ne5 19. Bf4 Re8 20. Rfc1 h5 21. h3 Ba6 22. g4 hxg4 23. hxg4 Qd8 (23... Rb6 $17) 24. Qe3 Qh4 25. Bg5 Qh8 ({But not} 25... Nxg4 $2 26. Qf4 $18) 26. Qg3 Bf6 (26... Bb5 $11) 27. Bxf6 $16 Qxf6 28. g5 Qe7 {[#]} 29. d4 $1 {[%cal Rd4e5]} Nc4 30. Bf1 {aiming for Qh4.} Rb6 (30... Kg7 $16 {was necessary.}) 31. Qf4 (31. Bxc4 $18 {and the rest is easy.} Bxc4 32. Qh4) 31... Kg7 $2 (31... d5 $16) 32. Ng4 $18 Rh8 ({Don't play} 32... Qxe4 33. Qf6+ Kf8 {[#]} 34. Rh2 $1 $18) 33. Nf6 Qe6 $2 (33... d5 34. Nxd5 Qd6 35. Qf6+ Qxf6 36. gxf6+ Rxf6 37. Nxf6 Kxf6 38. Rf2+ Kg7) 34. Rh2 Rbb8 35. Rcc2 cxd4 36. cxd4 Rbd8 37. Rxh8 Rxh8 38. Rh2 {Rxh8 would kill now.} Qc8 {[#]} 39. Ne8+ $1 {[%mdl 576] Double Attack.  Weighted Error Value: White=0.17/Black=0.58} 1-0

[Event "Icelandic-ch 2021"]
[Site "Kopavogur"]
[Date "2021.04.27"]
[Round "6.2"]
[White "Thorfinnsson, Bragi"]
[Black "Thorfinnsson, Bjorn"]
[Result "1/2-1/2"]
[WhiteElo "2432"]
[BlackElo "2384"]
[Annotator "RC"]
[PlyCount "128"]
[EventDate "2021.04.22"]
[EventType "tourn"]
[EventCountry "ISL"]
[SourceTitle "playchess.com"]
[Source "ChessBase"]
[SourceQuality "1"]
[TimeControl "40/5400+30:1800+30"]

1. Nf3 {[%emt 0:01:24]} d5 {[%emt 0:03:26]} 2. d4 {[%emt 0:00:44]} e6 {[%emt 0:02:27]} 3. c4 {[%emt 0:02:08]} Be7 {[%emt 0:00:06]} 4. Qc2 {[%emt 0:00:46]} Nf6 {[%emt 0:02:28]} 5. Bg5 {[%emt 0:00:23]} Ne4 {[%emt 0:01:11]} 6. Bxe7 {[%emt 0:01:11]} Qxe7 {[%emt 0:00:05]} 7. Nc3 {[%emt 0:01:01]} Nxc3 {[%emt 0:05:44]} 8. Qxc3 {[%emt 0:02:25]} O-O {[%emt 0:02:58]} 9. e3 {[%emt 0:03:05]} c6 {[%emt 0:08:07]} 10. Bd3 {[%emt 0:05:36]} dxc4 {[%emt 0:04:02]} 11. Qxc4 {[%emt 0:01:46]} b6 {[%emt 0:00:31]} 12. Qc2 {[%emt 0:01:37]} h6 {[%emt 0:00:35]} 13. O-O {[%emt 0:17:06]} Bb7 {[%emt 0:00:06]} 14. Bh7+ {[%emt 0:00:52]} Kh8 {[%emt 0:00:06]} 15. Be4 {[%emt 0:00:05]} Nd7 {[%emt 0:03:52]} 16. Rac1 {[%emt 0:02:47]} Rac8 {[%emt 0:03:51]} 17. Qa4 {[%emt 0:06:24]} a6 {[%emt 0:00:28]} 18. Rc3 {[%emt 0:03:34]} b5 {[%emt 0:02:07]} 19. Qc2 {[%emt 0:01:20]} b4 {[%emt 0:05:47]} 20. Rc4 {[%emt 0:02:23]} Nb6 {[%emt 0:00:06]} 21. Rc5 {[%emt 0:00:26]} Nd7 {[%emt 0:00:06]} 22. Ra5 {[%emt 0:04:14]} f5 {[%emt 0:10:04]} 23. Bd3 {[%emt 0:00:24]} c5 {[%emt 0:00:55]} 24. Bxa6 {[%emt 0:01:14]} Ra8 {[%emt 0:11:00]} 25. Qe2 {[%emt 0:13:14]} Qd8 {[%emt 0:04:10]} 26. Bxb7 {[%emt 0:06:48]} Rxa5 {[%emt 0:00:09]} 27. Bc6 {[%emt 0:00:35]} Nf6 {[%emt 0:04:29]} 28. Ne5 {[%emt 0:00:46]} Kh7 {[%emt 0:00:18]} 29. Bf3 {[%emt 0:02:22]} Rxa2 {[%emt 0:02:47]} 30. Qc4 {[%emt 0:01:52]} Rxb2 {[%emt 0:00:59]} 31. Nd3 {[%emt 0:00:31]} Rd2 {[%emt 0:01:22]} 32. Nxc5 {[%emt 0:00:11]} Qb8 {[%emt 0:02:11]} 33. Qxe6 {[%emt 0:01:51]} f4 {[%emt 0:05:21]} 34. Qc4 {[%emt 0:03:02]} fxe3 {[%emt 0:04:10]} 35. fxe3 {[%emt 0:00:05]} Kh8 {[%emt 0:01:53]} 36. Rb1 {[%emt 0:05:10]} Nh7 {[%emt 0:04:08]} 37. Nd7 {[%emt 0:01:35]} Qe8 {[%emt 0:02:45]} 38. Nxf8 {[%emt 0:01:57]} Qxe3+ {[%emt 0:00:04]} 39. Kh1 {[%emt 0:00:06]} Nxf8 {[%emt 0:00:09]} 40. Qxb4 {[%emt 0:00:00]} Ne6 {[%emt 0:00:00]} 41. d5 {[%emt 0:10:43]} Nd4 {[%emt 0:01:59]} 42. Ra1 {[%emt 0:02:33]} Qd3 {[%emt 0:06:30]} 43. Bg4 {[%emt 0:04:14]} Rf2 {[%emt 0:01:22]} 44. Qe1 {[%emt 0:01:25]} Rf8 {[%emt 0:02:15]} 45. h3 {[%emt 0:05:14]} Nc2 {[%emt 0:09:18]} 46. Qd1 {[%emt 0:01:29]} Qxd1+ {[%emt 0:06:23]} 47. Rxd1 {[%emt 0:00:05]} Ne3 {[%emt 0:00:04]} 48. Rd3 {[%emt 0:01:18]} Nxg4 {[%emt 0:03:57]} 49. hxg4 {[%emt 0:00:04]} Kg8 {[%emt 0:00:07]} 50. Kh2 {[%emt 0:00:16]} Ra8 {[%emt 0:00:27]} 51. Kg3 {[%emt 0:01:38]} Kf7 {[%emt 0:00:20]} 52. Kf4 {[%emt 0:03:10]} Ra4+ {[%emt 0:02:46]} 53. Kf5 {[%emt 0:04:17]} g6+ {[%emt 0:01:17]} 54. Ke5 {[%emt 0:00:03]} Rxg4 {[%emt 0:00:42]} 55. Rf3+ {[%emt 0:02:02]} Ke8 {[%emt 0:01:04]} 56. g3 {[%emt 0:00:34]} Kd7 {[%emt 0:01:03]} 57. Ra3 {[%emt 0:03:00]} Rg5+ {[%emt 0:00:10]} 58. Kf6 {[%emt 0:01:31]} Kd6 {[%emt 0:00:06]} 59. Ra6+ {[%emt 0:00:07]} Kxd5 {[%emt 0:00:46]} 60. Ra5+ {[%emt 0:00:07]} Ke4 {[%emt 0:00:07]} 61. Rxg5 {[%emt 0:00:09]} hxg5 {[%emt 0:00:04]} 62. Kxg5 {[%emt 0:00:13]} Kf3 {[%emt 0:00:05]} 63. g4 {[%emt 0:00:15]} Kg3 {[%emt 0:00:04]} 64. Kxg6 {[%emt 0:00:04]} Kxg4 {[%emt 0:00:04]} 1/2-1/2

[Event "Icelandic-ch 2021"]
[Site "Kopavogur"]
[Date "2021.04.27"]
[Round "6.3"]
[White "Stefansson, Vignir Vatnar"]
[Black "Gretarsson, Hjorvar Steinn"]
[Result "0-1"]
[WhiteElo "2327"]
[BlackElo "2588"]
[Annotator "TA"]
[PlyCount "60"]
[EventDate "2021.04.22"]
[EventType "tourn"]
[EventCountry "ISL"]
[SourceTitle "playchess.com"]
[Source "ChessBase"]
[SourceQuality "1"]

{[%evp 9,60,10,15,23,15,21,24,13,19,14,27,27,27,23,27,19,23,11,20,8,20,6,45,27,21,11,63,51,81,55,52,0,0,-20,-30,-124,-140,-140,-125,-118,-122,-211,-214,-321,-229,-223,-222,-212,-225,-210,-122,-740,-717]} 1. d4 Nf6 2. c4 e6 3. Nf3 d5 4. Nc3 a6 5. c5 b6 6. cxb6 $1 {D37: Queen's Gambit Declined: 5 Bf4.} cxb6 7. Bf4 Bd6 8. Bxd6 {White has an edge.} Qxd6 9. e3 Nbd7 10. Bd3 Bb7 11. Rc1 O-O 12. O-O b5 {[#]} 13. Nd2 $146 ({Predecessor:} 13. Nb1 Rac8 14. Nbd2 Nb6 15. Nb3 Nbd7 16. Qe2 {½-½ (16) Skulener,W (2390)-Hammes,M (2340) Germany 2017}) 13... e5 14. dxe5 Nxe5 15. Nf3 b4 16. Ne2 Nxf3+ 17. gxf3 d4 (17... g6 $11) 18. Nxd4 $14 Rfe8 19. Be2 Nd5 {next ...Re5 is good for Black.} 20. Kh1 (20. Qc2 $14) 20... Rad8 $11 21. Rg1 {Hoping for Nf5.} Qf6 22. Rg4 (22. Rc5 $11 {keeps the balance.}) 22... h5 $17 23. Re4 {[#]} Rxe4 24. fxe4 Qxf2 25. Nf3 ({Don't go for} 25. exd5 $2 Rxd5 26. Bf3 {[#]} Rxd4 $1 $19 {[%mdl 512]}) (25. Qg1 $17 {was forced.} Qxg1+ 26. Kxg1 Nxe3 {[%mdl 64] Discovered Attack} 27. Nb3) 25... Qxe3 $19 26. Rc4 (26. Rc7 $142 Nxc7 {[%mdl 64] Discovered Attack} 27. Qxd8+ Kh7 28. Qd2 (28. Qxc7 $2 Qxe2 29. Qxb7 Qxf3+ 30. Kg1 Qe3+ 31. Kg2 Qd2+ 32. Kg3 Qd3+ 33. Kf2 Qd4+ 34. Kg3 Qe5+ 35. Kf3 Qxb2 $19)) 26... Re8 27. exd5 {Rc7 is the strong threat.} Qxe2 28. Qxe2 Rxe2 29. Rd4 Rf2 ({Better is} 29... Kf8 $19 30. Kg1 f6) 30. Rd3 $2 {[%mdl 8192] [#]} (30. Ne5 $17) 30... Rxf3 $1 {[%mdl 512] Weighted Error Value: White=0.52/Black=0.13} 0-1

[Event "Icelandic-ch 2021"]
[Site "Kopavogur"]
[Date "2021.04.27"]
[Round "6.4"]
[White "Mai, Alexander Oliver"]
[Black "Stefansson, Hannes"]
[Result "0-1"]
[WhiteElo "2025"]
[BlackElo "2532"]
[Annotator "TA"]
[PlyCount "60"]
[EventDate "2021.04.22"]
[EventType "tourn"]
[EventCountry "ISL"]
[SourceTitle "playchess.com"]
[Source "ChessBase"]
[SourceQuality "1"]

{[%evp 11,60,16,32,32,41,39,59,60,61,63,49,43,58,35,77,64,45,27,63,47,92,52,103,73,81,-24,-18,-159,-159,-262,-278,-366,-363,-322,-335,-372,-359,-485,-387,-973,-972,-976,-969,-914,-864,-1734,-1692,-29993,-29994,-29998,-29999]} 1. e4 c5 2. Nf3 e6 3. d4 cxd4 4. Nxd4 a6 5. c4 Nf6 6. Nc3 Bb4 7. Qd3 {B41: Sicilian: Kan Variation: 5 c4.} d6 8. Nc2 Ba5 9. b4 {White is slightly better.} Bc7 10. Be2 O-O 11. Be3 Nbd7 12. f4 b6 13. O-O Bb7 14. Bf3 Rb8 {[#]} 15. Rac1 $146 ({Predecessor:} 15. Rad1 Qe7 16. Bf2 Rfe8 17. Qe2 Nf8 18. g3 Ba8 19. Rd2 Rec8 20. Rc1 Qe8 21. Na1 h6 22. Nb3 N6d7 23. Rdd1 Bb7 24. Rc2 {½-½ (24) Kovacevic,A (2496)-Laketic,G (2427) Kragujevac 2015}) 15... Qe7 16. Rfe1 Ba8 (16... g6 $14) 17. Bf2 Rfc8 18. Na1 (18. Rcd1 $16) 18... d5 $11 19. exd5 (19. e5 $11 dxc4 20. Qd4 (20. exf6 $2 cxd3 21. fxe7 d2 $19)) 19... Bxf4 $17 20. dxe6 (20. Bg3 $17 Bxc1 21. dxe6 fxe6 22. Bxb8 Qxb4 23. Rxc1 Bxf3 24. gxf3 Rxb8 25. Nb3) 20... Ne5 $19 ({Resist} 20... fxe6 21. Bxa8 Rxa8 22. Be3 $17) 21. exf7+ Qxf7 22. Rxe5 Bxe5 23. Bxa8 Rxa8 24. Nb3 Rxc4 {And now ...Bxh2+! would win.} 25. Na4 $2 {[#]} (25. Bxb6 Re8 26. Ne2 Rxb4 27. Bd4) 25... Bxh2+ $1 {[%mdl 512]} 26. Kh1 Rxc1+ 27. Nxc1 {[#]} Rc8 $1 28. Nb3 (28. Qf3 Rxc1+) 28... Ng4 29. Bxb6 Re8 30. Qd2 Qf1+ {Weighted Error Value: White=0.86/Black=0.11} 0-1

[Event "Icelandic-ch 2021"]
[Site "Kopavogur"]
[Date "2021.04.27"]
[Round "6.5"]
[White "Gretarsson, Helgi Ass"]
[Black "Bjornsson, Sigurbjorn"]
[Result "1-0"]
[WhiteElo "2437"]
[BlackElo "2327"]
[Annotator "NA"]
[PlyCount "81"]
[EventDate "2021.04.22"]
[EventType "tourn"]
[EventCountry "ISL"]
[SourceTitle "playchess.com"]
[Source "ChessBase"]
[SourceQuality "1"]
[TimeControl "40/5400+30:1800+30"]

1. Nf3 {[%emt 0:00:00]} Nf6 {[%emt 0:00:00]} 2. g3 {[%emt 0:00:00]} g6 {[%emt 0:00:00]} 3. Bg2 {[%emt 0:00:00]} Bg7 {[%emt 0:00:00]} 4. c4 {[%emt 0:00:00]} O-O {[%emt 0:00:00]} 5. Nc3 {[%emt 0:00:00]} d6 {[%emt 0:00:04]} 6. d4 {[%emt 0:00:00]} Nc6 {[%emt 0:00:13]} 7. O-O {[%emt 0:00:10]} Bf5 {[%emt 0:00:10]} 8. d5 {[%emt 0:05:28]} Na5 {[%emt 0:01:49]} 9. Nh4 {[%emt 0:00:07]} Bd7 {[%emt 0:00:07]} 10. b3 {[%emt 0:00:06]} c5 {[%emt 0:00:20]} 11. Bb2 {[%emt 0:00:17]} a6 {[%emt 0:01:37]} 12. Qd2 {[%emt 0:00:08]} b5 {[%emt 0:02:01]} 13. Nd1 {[%emt 0:00:08]} Rb8 {[%emt 0:03:42]} 14. Bc3 {[%emt 0:01:05]} Nb7 {[%emt 0:04:45]} 15. e4 {[%emt 0:21:47]} e5 {[%emt 0:01:13]} 16. dxe6 {[%emt 0:00:26]} Bxe6 {[%emt 0:01:20]} 17. f4 {[%emt 0:09:01]} Re8 {[%emt 0:05:33]} 18. Ne3 {[%emt 0:03:47]} Bd7 {[%emt 0:21:29]} 19. e5 {[%emt 0:03:34]} Ng4 {[%emt 0:04:14]} 20. Rad1 {[%emt 0:01:45]} dxe5 {[%emt 0:08:52]} 21. Nd5 {[%emt 0:15:10]} bxc4 {[%emt 0:14:51]} 22. h3 {[%emt 0:02:48]} cxb3 {[%emt 0:18:48]} 23. hxg4 {[%emt 0:01:41]} Bxg4 {[%emt 0:00:06]} 24. Rde1 {[%emt 0:23:47]} Nd6 {[%emt 0:03:11]} 25. fxe5 {[%emt 0:00:48]} Nb5 {[%emt 0:02:26]} 26. Ba5 {[%emt 0:00:51]} Qd7 {[%emt 0:00:18]} 27. axb3 {[%emt 0:00:05]} Rxe5 {[%emt 0:01:33]} 28. Rxe5 {[%emt 0:02:06]} Bxe5 {[%emt 0:00:02]} 29. Nf3 {[%emt 0:00:08]} Bg7 {[%emt 0:00:36]} 30. Ng5 {[%emt 0:00:35]} Bd4+ {[%emt 0:02:58]} 31. Qxd4 {[%emt 0:00:31]} Nxd4 {[%emt 0:01:23]} 32. Nf6+ {[%emt 0:00:28]} Kh8 {[%emt 0:00:55]} 33. Nxd7 {[%emt 0:00:06]} Bxd7 {[%emt 0:00:04]} 34. Rxf7 {[%emt 0:00:10]} Bc6 {[%emt 0:00:36]} 35. Bxc6 {[%emt 0:05:28]} Nxc6 {[%emt 0:00:02]} 36. Bc3+ {[%emt 0:00:12]} Nd4 {[%emt 0:00:35]} 37. Ne6 {[%emt 0:00:07]} Kg8 {[%emt 0:00:36]} 38. Rg7+ {[%emt 0:00:06]} Kh8 {[%emt 0:00:08]} 39. Nxd4 {[%emt 0:01:16]} cxd4 {[%emt 0:01:25]} 40. Bxd4 {[%emt 0:00:00]} Rb4 {[%emt 0:00:00]} 41. Ba1 {[%emt 0:00:14]} 1-0

[Event "Icelandic-ch 2021"]
[Site "Kopavogur"]
[Date "2021.04.28"]
[Round "7.1"]
[White "Bjornsson, Sigurbjorn"]
[Black "Hjartarson, Johann"]
[Result "0-1"]
[WhiteElo "2327"]
[BlackElo "2523"]
[Annotator "TA"]
[PlyCount "80"]
[EventDate "2021.04.22"]
[EventType "tourn"]
[EventCountry "ISL"]
[SourceTitle "playchess.com"]
[Source "ChessBase"]
[SourceQuality "1"]

{[%evp 15,80,15,16,0,0,0,9,19,22,8,8,0,0,0,0,-29,-18,-31,-27,-25,-29,-34,-37,-30,-42,-42,-21,-10,-20,-17,0,0,14,0,32,0,0,-66,-58,-78,-52,-45,-41,-60,-54,-52,-64,-128,-135,-126,-113,-134,-121,-166,-139,-216,-199,-289,-304,-318,-274,-375,-272,-489,-480,-702,-697]} 1. e4 e5 2. Nf3 Nc6 3. Nc3 Nf6 4. Bb5 Nd4 5. O-O Nxb5 6. Nxb5 c6 7. Nc3 d6 8. d4 Qc7 9. Bg5 {C48: Four Knights: 4 Bb5, replies other than 4...Bb4.} Be7 10. h3 h6 {was the old line (10...0-0).} 11. Bh4 {The position is equal.} O-O 12. Re1 Re8 13. Qd3 b5 {[#]} 14. a3 $146 ({Predecessor:} 14. Rad1 a5 15. b3 a4 16. b4 Rb8 17. a3 Be6 18. d5 cxd5 19. Bxf6 dxe4 20. Nxb5 {½-½ (31) Kolek,P (2173)-Volodarsky,Y (2356) ICCF email 2017}) 14... a6 15. d5 c5 16. Rad1 Nh5 17. Bxe7 Qxe7 18. a4 Nf4 19. Qf1 Qf6 20. Re3 Bd7 21. axb5 axb5 22. Nxb5 Reb8 23. c4 Qg6 {Threatens to win with ...Nxh3+.} 24. Nh4 Qf6 25. Nf3 (25. Nf5 $5) 25... Ra4 {[%cal Ba8a4,Ba4b4,Bb4b2][%mdl 32]} 26. Nh2 ({White should try} 26. b3 $11 Ra5 27. Nd2) 26... Bxb5 27. cxb5 Qg6 28. Rde1 Rb4 {[%mdl 1024] Black has compensation.} 29. Rg3 Qh7 30. Ng4 {[#] And now Nf6+ would win.} Kh8 31. Rge3 (31. Ra3 $15) 31... f5 $17 (31... R4xb5 32. g3 $15) 32. exf5 Qxf5 ({Not} 32... R8xb5 33. Nxe5 Qxf5 {[#]} 34. g4 $1 $16) 33. Rg3 Rxb2 34. Ne3 Qf6 35. Rf3 (35. Kh2 $17 {was necessary.}) 35... R2xb5 ({Resist} 35... R8xb5 36. g3) 36. g3 (36. Nd1 $142) 36... Qg6 $19 37. Ng4 Nxd5 38. Rd1 {intending Rfd3.} Ne7 39. Rfd3 $2 (39. Qc4) 39... Nf5 40. Qe1 (40. Qg2 $142) 40... Nd4 {Weighted Error Value: White=0.35/Black=0.10} 0-1

[Event "Icelandic-ch 2021"]
[Site "Kopavogur"]
[Date "2021.04.28"]
[Round "7.2"]
[White "Stefansson, Hannes"]
[Black "Gretarsson, Helgi Ass"]
[Result "1/2-1/2"]
[WhiteElo "2532"]
[BlackElo "2437"]
[Annotator "TA"]
[PlyCount "123"]
[EventDate "2021.04.22"]
[EventType "tourn"]
[EventCountry "ISL"]
[SourceTitle "playchess.com"]
[Source "ChessBase"]
[SourceQuality "1"]

{[%evp 18,123,32,25,44,26,50,33,43,31,45,37,79,72,85,77,79,86,89,78,64,20,22,20,21,7,12,16,62,53,47,69,88,7,77,0,0,0,0,-16,-14,-24,-12,-25,-10,-13,-20,-31,-28,-47,-42,-55,0,-15,-20,-23,-13,-22,-12,-38,0,-87,-76,-73,-81,-932,-1174,-962,-1034,-1078,-1006,-1132,-1071,-584,-1114,-4350,-21,-21,-22,-23,0,0,0,0,0,0,0,0,0,0,0,0,0,0,0,0,0,0,0,0,0,0,0,0,0,0,0,0]} 1. e4 d6 2. d4 Nf6 3. Nc3 g6 4. Be3 c6 5. h3 Nbd7 6. Nf3 e5 7. a4 Qa5 8. Bd3 Bg7 9. O-O O-O 10. Qd2 Re8 {B08: Pirc Defence: Classical System.} 11. Rfd1 exd4 12. Bxd4 Ne5 {White is slightly better.} 13. Be2 Be6 14. Ng5 {[#]} Bc4 $146 ({Predecessor:} 14... Rad8 15. Nxe6 Rxe6 16. b4 Qc7 17. f4 Ree8 18. Qe3 Ned7 19. Bf3 Bh6 20. g3 Nd5 21. Nxd5 cxd5 {½-½ (33) Sisak,R (2138)-Laine,J (2150) ICCF email 2017}) 15. Bxe5 Bxe2 16. Bxf6 Bxf6 {[#]} 17. Nd5 $1 Qd8 18. Nxf6+ ({Worse is} 18. Qxe2 cxd5 19. Nf3 dxe4 $17) 18... Qxf6 19. Qxe2 {Black must now prevent Nf3.} (19. Nxh7 {looks sharper.} Kxh7 20. Qxe2 d5 21. Qf3 Qxf3 22. gxf3 Re5 23. Ra3) 19... Qxg5 20. Rxd6 Qe5 21. Rd7 Qxb2 22. Rad1 a5 23. Qc4 Re6 24. f3 Rae8 25. h4 ({White should try} 25. Qb3 $16 Qxb3 26. cxb3) 25... h5 (25... Qf6 $11 {remains equal.}) 26. Kh2 (26. Qb3 $16 Qxb3 27. cxb3) 26... b5 $11 27. Qb3 Qe5+ 28. Kh3 g5 29. hxg5 h4 {[%csl Gh4][%cal Re5g3]} 30. f4 $1 {[%cal Rf4e5]} Qxf4 31. Qf3 Rxe4 $40 {[%mdl 128] White needs to defend precisely.} 32. Qxf4 Rxf4 {[%mdl 4096] Endgame KRR-KRR} 33. g6 Re3+ 34. Kh2 b4 (34... Rxa4 35. gxf7+ Kf8 36. Rf1 $18) (34... Kg7 $15 35. Ra7 Kxg6 36. axb5 cxb5 37. Rxa5 b4 38. Ra6+ f6) 35. Rc7 Re6 36. gxf7+ Rxf7 37. Rc8+ Kg7 {Strongly threatening ...Rf2.} 38. Rd4 Rf2 39. Rc7+ (39. Rc4 $11) 39... Kf6 $1 $17 40. Rc4 Ke5 {aiming for ...Kd5.} 41. R7xc6 $2 {[%mdl 8192]} (41. Ra7 $17) 41... Rxc6 $19 42. Rxc6 $17 {KR-KR} Kd4 43. Kh3 Rf4 44. Rc8 {[#]} Re4 $1 45. Rc7 {[#]} Ke3 $1 {[%cal Re3d2]} 46. c3 b3 $2 (46... Kd3 $19 47. cxb4 axb4) 47. Rb7 $11 Rxa4 48. Rxb3 Rc4 49. Rb5 $1 {The position is equal.} a4 50. Rd5 Re4 (50... Ke4 {keeps more tension.} 51. Rd8 Ke5 52. Rd7 Ke6 53. Rd8 Ke7) 51. Rd8 Kf2 52. Rf8+ Kg1 {Threatening ...Re3+.} (52... Ke2 {is interesting.} 53. Rd8 Ke3 54. Rd7 Rf4 55. Rd8 Ke2) 53. g4 {Hoping for g5.} hxg3 54. Kxg3 Re3+ (54... a3 {seems wilder.} 55. Ra8 Re3+ 56. Kf4 Rxc3 57. Ke5 Kf2) 55. Kf4 Rxc3 56. Ra8 a3 57. Ke4 Kf2 58. Kd4 Rh3 59. Kc4 Ke2 60. Kb4 Kd2 61. Rxa3 Rxa3 62. Kxa3 {Whites escaped into a draw.  Weighted Error Value: White=0.44/Black=0.19} 1/2-1/2

[Event "Icelandic-ch 2021"]
[Site "Kopavogur"]
[Date "2021.04.28"]
[Round "7.3"]
[White "Gretarsson, Hjorvar Steinn"]
[Black "Mai, Alexander Oliver"]
[Result "1-0"]
[WhiteElo "2588"]
[BlackElo "2025"]
[Annotator "TA"]
[PlyCount "95"]
[EventDate "2021.04.22"]
[EventType "tourn"]
[EventCountry "ISL"]
[SourceTitle "playchess.com"]
[Source "ChessBase"]
[SourceQuality "1"]

{[%evp 18,95,28,26,25,14,14,22,20,17,26,0,20,15,19,14,10,7,60,60,60,60,60,60,60,60,65,65,65,60,65,60,60,60,67,67,67,67,67,65,67,71,73,43,68,60,103,103,152,125,106,106,106,110,126,139,159,158,291,286,277,287,443,411,471,453,448,454,481,466,452,445,442,426,535,539,543,536,582,537]} 1. d4 d5 2. c4 e6 3. Nc3 Nf6 4. cxd5 exd5 5. Bg5 c6 6. e3 Bf5 7. Qf3 Bg6 8. Bxf6 Qxf6 9. Qxf6 gxf6 10. h4 h5 {[#] D35: Queen's Gambit Declined: Exchange Variation.} 11. Nce2 $146 ({Predecessor:} 11. Kd2 Nd7 12. Bd3 Bd6 13. Nge2 Kf8 14. g3 Bxd3 15. Kxd3 f5 16. Nf4 Nf6 17. Ke2 Bxf4 18. gxf4 {½-½ (31) Naroditsky,D (2633)-Hammer,J (2651) Reykjavik 2015}) 11... Bb4+ 12. Kd1 Nd7 {The position is equal.} 13. Nh3 Nb6 14. Nhf4 Bd6 15. a4 a5 16. g3 Ke7 17. Bh3 f5 (17... Rag8 $11) 18. Nd3 $14 Nd7 {[%cal Bb6d7,Bd7f6,Bf6e4][%mdl 32]} 19. Nef4 Nf6 20. Ke2 Rhe8 21. Rhc1 Kd8 22. Rc3 Re7 23. Rac1 Ne4 24. Rb3 Ra7 25. Bg2 Re8 26. Bf3 Nf6 $1 27. Nc5 Re7 28. Rc2 Bxf4 29. gxf4 Ne4 30. Nd3 Kc7 31. Ne5 Re6 32. Rc1 Ra8 33. Bxe4 fxe4 34. Rg1 Rf6 35. Rc3 Rd8 36. Rcc1 Re8 37. Rg5 Re7 (37... Bf5 $16 38. Rxh5 Rg8) 38. Nxg6 $18 fxg6 39. Rxd5 {[%mdl 4096] Endgame KRR-KRR} Kb6 (39... b6 {might work better.} 40. Rg5 Ree6) 40. Rg5 Ka6 41. Rcc5 {White is clearly winning.} b6 42. Rce5 Ree6 43. Rxe6 Rxe6 44. f5 gxf5 45. Rxf5 b5 46. b3 {[%cal Bb2b3,Bb3a4][%mdl 32]} bxa4 47. bxa4 Re8 48. Rc5 {Weighted Error Value: White=0.03/Black=0.24} 1-0